000 00522nam a22001697a 4500
999 _c526190
_d526190
003 NUST
038 _aMr. Zahoor
082 _a510
100 _aTahirul Husnain, Syed
_917164
245 _aDiscrete Symmetry Analysis of Some Partial Differential Equations and Related Exact Solutions /
_cSyed Tahirul Husnain
260 _aIslamabad :
_bSNS - NUST,
_c2017.
300 _av, 106 p. ;
_c30cm.
500 _aHardcover.
650 _aMathematics - MS Thesis
_916139
700 _aDr. Tooba Feroze
_916785
942 _2ddc
_cTHE